[Event "Almendralejo Honor tt"]
[Site "Almendralejo"]
[Date "2003.03.29"]
[Round "9"]
[White "Fragoso Martinez, Pedro Magin"]
[Black "Moreno Tejera, Emilio"]
[Result "0-1"]
[WhiteElo "2104"]
[BlackElo "2366"]
[PlyCount "68"]
[EventDate "2003.01.25"]
[EventType "team"]
[EventRounds "9"]
[EventCountry "ESP"]
[SourceTitle "EXT 2004"]
[Source "ChessBase"]
[SourceDate "2003.11.25"]
[SourceVersion "1"]
[SourceVersionDate "2003.11.25"]
[SourceQuality "1"]

1. d4 f5 2. g3 Nf6 3. Bg2 g6 4. c3 Bg7 5. Qb3 Nc6 6. Nd2 e5 7. d5 Ne7 8. Nh3 h6 9. e4 d6 10. f3 0-0 11. 0-0 Kh8 12. Nf2 h5 13. Re1 f4 14. Nf1 g5 15. c4 Ng6 16. Bd2 g4 17. Qd3 h4 18. b4 fxg3 19. hxg3 hxg3 20. Nxg3 Nf4 21. Qc3 Rg8 22. Nf5 Bxf5 23. exf5 Bh6 24. fxg4 Nxg4 25. Bxf4 Bxf4 26. Qh3+ Nh6 27. Nd3 Rg3 28. Nxf4 Rxh3 29. Ng6+ Kh7 30. Bxh3 Qg5+ 31. Kh2 Qd2+ 32. Kh1 Qd3 33. Bg2 Ng4 34. Rf1 Qg3 0-1